Escala de Intensidad de Apoyos SIS: manual
Guardat en:
| Autors principals: | , , , , , , , , , |
|---|---|
| Format: | Llibre |
| Idioma: | espanyol |
| Publicat: |
Madrid
TEA
2007
|
| Edició: | 1a. ed |
| Matèries: | |
| Etiquetes: |
Afegir etiqueta
Sense etiquetes, Sigues el primer a etiquetar aquest registre!
|
MARC
| LEADER | 00000cam a2200000 a 4500 | ||
|---|---|---|---|
| 001 | UCI5985 | ||
| 003 | CL-VaPUC | ||
| 008 | 080415e20070000SP |||||||||||||||||spa|d | ||
| 020 | |a 9788471748928 | ||
| 082 | 0 | 4 | |a 371.92 |b THO |2 21 |
| 100 | 0 | |a Thompson, James R |e author |9 528651 | |
| 700 | 0 | |a Bryant, Brian R |e author |9 528652 | |
| 700 | 0 | |a Campbell, Edward M |e author |9 528653 | |
| 700 | 0 | |a Craig, Ellis M |e author |9 528654 | |
| 700 | 0 | |a Hughes, Carolyn |e author |9 528655 | |
| 700 | 0 | |a Rotholz, David A |e author |9 528656 | |
| 700 | 0 | |a Schalock, Robert L |e author |9 528657 | |
| 700 | 0 | |a Silverman, Wayne P |e author |9 528658 | |
| 700 | 0 | |a Tassé, Marc J |e author |9 528659 | |
| 700 | 0 | |a Wehmeyer, Michael L |e author |9 528660 | |
| 245 | 1 | 0 | |a Escala de Intensidad de Apoyos SIS: manual |
| 250 | |a 1a. ed | ||
| 300 | |a 191 p | ||
| 942 | |c BK | ||
| 945 | |d 20080415 00:00:00 |a cmena | ||
| 260 | |a Madrid |b TEA |c 2007 | ||
| 500 | |a Incluye: | ||
| 500 | |a Guía para la entrevista a personas con discapacidad | ||
| 500 | |a 22 ejemplares de formularios de entrevista y evaluación de casos | ||
| 650 | 0 | |a Educación especial |9 307486 | |
| 650 | 0 | |a Trastornos del aprendizaje |9 307969 | |
| 650 | 7 | |a PERSONAS DISCAPACITADAS |2 CL-VaPUC |9 459099 | |
| 650 | 7 | |a EDUCACION DIFERENCIAL |2 CL-VaPUC |9 338931 | |
| 650 | 0 | |a Métodos de enseñanza |9 270413 | |
| 650 | 0 | |a Psicología del aprendizaje |9 306854 | |
| 650 | 7 | |a TESTS |2 CL-VaPUC |9 309359 | |
| 583 | |a last modification |c 20120306 11:57:04 |k Rodrigo Vera | ||
| 999 | |c 329610 |d 329608 | ||
| 952 | |0 0 |1 0 |4 0 |6 371_920000000000000_THO_2007 |7 0 |8 R |9 414537 |a BIBEDU |b BIBEDU |c MCIRC |d 2019-11-22 |i 4431839 |l 1 |o 371.92 THO 2007 |p 4431839 |r 2023-01-13 |s 2022-08-29 |w 2019-11-22 |y BK_R |k EPE | ||
| 952 | |0 0 |1 0 |4 0 |6 371_920000000000000_THO_2007 |7 0 |8 R |9 414538 |a BIBEDU |b BIBEDU |c MCIRC |d 2019-11-22 |i 4844157 |l 1 |o 371.92 THO 2007 |p 4844157 |r 2023-01-13 |s 2021-09-01 |w 2019-11-22 |y BK_R |k EPE | ||